000 01113cam a2200313 a 4500
001 13073683
003 OSt
005 20170309120508.0
008 030129s2002 nyua 001 0 eng d
010 _a 2003268275
020 _a9780072226379
035 _a(OCoLC)ocm51026918
040 _aOKI
_cOKI
_dDLC
042 _alccopycat
050 0 0 _aTK7887
_b.C37 2002
082 0 0 _a794.8/1
_222
100 1 _aCase, Loyd.
245 1 4 _aThe extreme gamer's PC :
_ba gamer's guide to PC ultimate performance /
_cLoyd Case.
260 _aNew York :
_bMcGraw-Hill/Osborne,
_c2002.
300 _axvi, 303 p. :
_bill. ;
_c24 cm.
500 _aIncludes index.
650 0 _aMicrocomputers
_xUpgrading.
650 0 _aComputer games
_xEquipment and supplies.
856 4 1 _3Table of contents
_uhttp://www.loc.gov/catdir/toc/mh031/2003268275.html
856 4 2 _3Publisher description
_uhttp://www.loc.gov/catdir/description/mh031/2003268275.html
906 _a7
_bcbc
_ccopycat
_d2
_encip
_f20
_gy-gencatlg
942 _2lcc
_cBK
999 _c49238
_d49238